Актуальные проблемы высшего музыкального образования (Запись № 3074179)
[ простой вид ]
| 000 -МАРКЕР | |
|---|---|
| контрольное поле | 02218nas1a22003371i 4500 |
| 001 - ИДЕНТИФИКАТОР ЗАПИСИ | |
| контрольное поле | RU\NLR\Per\765533 |
| 005 - ИДЕНТИФИКАТОР ВЕРСИИ | |
| контрольное поле | 20260406114347.0 |
| 011 ## - МЕЖДУНАРОДНЫЙ СТАНДАРТНЫЙ НОМЕР СЕРИАЛЬНОГО ИЗДАНИЯ (ISSN) | |
| Номер (ISSN) | 2220-1769 |
| 035 ## - ДРУГИЕ СИСТЕМНЫЕ НОМЕРА | |
| Идентификатор записи | (NLR Aleph) 003157916 |
| 100 ## - ДАННЫЕ ОБЩЕЙ ОБРАБОТКИ | |
| Данные общей обработки | 20110511a20099999|||y0rusy50 ca |
| 101 0# - ЯЗЫК РЕСУРСА | |
| Язык текста, звукозаписи и т.д. | русский |
| 102 ## - СТРАНА ПУБЛИКАЦИИ ИЛИ ПРОИЗВОДСТВА | |
| Страна публикации | Российская Федерация |
| 110 ## - ПОЛЕ КОДИРОВАННЫХ ДАННЫХ: ПРОДОЛЖАЮЩИЕСЯ РЕСУРСЫ | |
| Кодированные данные продолжающегося ресурса | au||||||||| |
| 200 1# - ЗАГЛАВИЕ И СВЕДЕНИЯ ОБ ОТВЕТСТВЕННОСТИ | |
| Основное заглавие | Актуальные проблемы высшего музыкального образования |
| Параллельное заглавие | Actual problems of high musical education |
| Сведения, относящиеся к заглавию | научно-аналитический и научно-образовательный журнал |
| 210 ## - ПУБЛИКАЦИЯ, РАСПРОСТРАНЕНИЕ И ДР. | |
| Место издания, распространения и т.д. | Нижний Новгород |
| Имя издателя, распространителя и т. д. | [б. и.] |
| Дата издания, распространения и т.д. | 2010 - |
| 510 1# - ПАРАЛЛЕЛЬНОЕ ЗАГЛАВИЕ | |
| Параллельное заглавие | Actual problems of high musical education |
| Язык заглавия | английский |
| 606 1# - НАИМЕНОВАНИЕ ТЕМЫ КАК ПРЕДМЕТ | |
| Наименование темы | Высшее музыкальное образование |
| Формальный подзаголовок | Периодические издания |
| Системный номер авторитетной/нормативной записи | 1374598 |
| Идентификатор авторитетной/нормативной записи | RU\NLR\AUTH\66262520 |
| 606 1# - НАИМЕНОВАНИЕ ТЕМЫ КАК ПРЕДМЕТ | |
| Наименование темы | Музыка |
| Формальный подзаголовок | Периодические издания |
| Системный номер авторитетной/нормативной записи | 888123 |
| Идентификатор авторитетной/нормативной записи | RU\NLR\AUTH\66429 |
| 686 1# - ИНДЕКСЫ ДРУГИХ КЛАССИФИКАЦИЙ | |
| Индекс | Ч489.782я52 |
| 686 1# - ИНДЕКСЫ ДРУГИХ КЛАССИФИКАЦИЙ | |
| Индекс | Щ31я52 |
| 712 02 - НАИМЕНОВАНИЕ ОРГАНИЗАЦИИ - ВТОРИЧНАЯ ОТВЕТСТВЕННОСТЬ | |
| Начальный элемент ввода | Нижегородская государственная консерватория им. М. И. Глинки |
| Системный номер авторитетной/нормативной записи | 293716 |
| Идентификатор авторитетной/нормативной записи | RU\NLR\AUTH\8810564 |
| 852 ## - МЕСТОНАХОЖДЕНИЕ И ШИФР ХРАНЕНИЯ | |
| Идентификатор организации | NLR |
| Шифр хранения (Call Number) | П29/1610 |
| 942 ## - ДОПОЛНИТЕЛЬНЫЕ ЭЛЕМЕНТЫ ЗАПИСИ (АБИС) | |
| Тип экземпляра АБИС | Журнал |
| 980 ## - КОЛЛЕКЦИЯ | |
| Название коллекции | Русская периодика |
Нет доступных экземпляров.